| 000 | 00622nam a22001697a 4500 | ||
|---|---|---|---|
| 005 | 20150124130635.0 | ||
| 008 | 140605t sp||||| |||| 00| 0 spa d | ||
| 020 | _a843761905X | ||
| 050 | 0 | 4 |
_aBD450 _bS73 2001 |
| 100 | 1 | _aStevenson, Leslie | |
| 245 | 1 | 0 |
_aDiez teorías sobre la naturaleza humana : _bConfucianismo, Hinduismo, La Biblia, Platon, Kant, Marx, Freud, Sartre, Skinner, Lorenz / _cLeslie Stevenson y David L. Haberman ; tr. de Elisa Lucena. |
| 260 |
_aMadrid, España : _bAlianza, _c2001 |
||
| 300 |
_a297 p. ; _c18 cm. |
||
| 650 | 7 |
_2Lemb _aFilosofía |
|
| 700 | 1 |
_aLucena, Elisa, _ctr. |
|
| 942 |
_2ddc _cLIB |
||
| 999 |
_c53937 _d53937 |
||